Web technology: Theory and practice (Record no. 386643)

MARC details
000 -LEADER
fixed length control field 00484 a2200181 4500
005 - DATE & TIME
control field 20250415113149.0
008 - FIXED-LENGTH DATA ELEMENTS--GENERAL INFORMATION
fixed length control field 250412b |||||||| |||| 00| 0 eng d
020 ## - ISBN
International Standard Book Number 9788131774199
Price Rs. 660.00
040 ## - CATALOGING SOURCE
Original cataloging agency VIVEKANANDA LIBRARY
082 ## - DDC NUMBER
Classification number 006.76
Book Number S34W
100 ## - MAIN ENTRY--PERSONAL NAME
Personal name Srinivasan, M
245 ## - TITLE STATEMENT
Title Web technology: Theory and practice
260 ## - PUBLICATION, DISTRIBUTION, ETC. (IMPRINT)
Name of publisher, distributor, etc Pearson India Education Services
Place of publication, distribution, etc Noida
Date of publication, distribution, etc 2025
300 ## - PHYSICAL DESCRIPTION
Pages xxi, 369
650 ## - Subject
Subject Computer Science
650 ## - Subject
Subject Web Technology
942 ## - ADDED ENTRY ELEMENTS (KOHA)
Koha item type Books
Holdings
Withdrawn status Lost status Source of classification or shelving scheme Damaged status Not for loan Location (home branch) Sublocation or collection (holding branch) Shelving location Date acquired Koha issues (times borrowed) Koha full call number Accession No. Koha date last seen Koha item type
    Dewey Decimal Classification     VIVEKANANDA LIBRARY VIVEKANANDA LIBRARY UIET Library 06/03/2025   006.76 S34W 430987 06/03/2025 Books
© Designed and Maintained by Vivekananda Library, MDU Rohtak